Mahboobul Tawaareeqh (Record no. 21094)

MARC details
000 -LEADER
fixed length control field 00286nam a22001337a 4500
082 ## - DEWEY DECIMAL CLASSIFICATION NUMBER
Classification number 297.409
Author Cutter KHA
100 ## - MAIN ENTRY--AUTHOR NAME
Author name Khan, Jabbar
245 ## - TITLE STATEMENT
Title Mahboobul Tawaareeqh
260 ## - PUBLICATION, DISTRIBUTION, ETC. (IMPRINT)
Place of publication Hyderabad
Name of publisher Students House
300 ## - PHYSICAL DESCRIPTION
Number of Pages 632
650 ## - SUBJECT ADDED ENTRY--TOPICAL TERM
Topical Term Biography- Sufis
942 ## - ADDED ENTRY ELEMENTS (KOHA)
Koha item type Books
Holdings
Home library Current library Shelving location Date acquired Cost, normal purchase price Full call number Accession Number Koha item type
Henry Martyn Institute Library Henry Martyn Institute Library General stacks 06/04/2018 300.00 297.409 KHA V1 23830 Books
Henry Martyn Institute Library Henry Martyn Institute Library General stacks 06/04/2018 300.00 297.409 KHA 23831 Books
                   Copyright © 2026 | Henry Martyn Institute | Hyderabad | TS-500052 | INDIA | Implemented by hmi.edu.in
Hit-Count:

Powered by Koha